Follow Me / (Record no. 522596)
[ view plain ]
| 000 -LEADER | |
|---|---|
| fixed length control field | 00358nam a22001577a 4500 |
| 003 - CONTROL NUMBER IDENTIFIER | |
| control field | NUST |
| 020 ## - INTERNATIONAL STANDARD BOOK NUMBER | |
| International Standard Book Number | 8170622468 |
| 038 ## - RECORD CONTENT LICENSOR | |
| Staff Name | waseem |
| 082 ## - DEWEY DECIMAL CLASSIFICATION NUMBER | |
| Classification number | 355.33041 |
| Author Mark | NEW |
| 100 ## - MAIN ENTRY--PERSONAL NAME | |
| Personal name | Newman, Aubrey S. |
| 9 (RLIN) | 12639 |
| 245 ## - TITLE STATEMENT | |
| Title | Follow Me / |
| Statement of responsibility, etc. | Aubrey S. Newman |
| 260 ## - PUBLICATION, DISTRIBUTION, ETC. | |
| Place of publication, distribution, etc. | Lahore : |
| Name of publisher, distributor, etc. | S.B.C, |
| Date of publication, distribution, etc. | 1992. |
| 300 ## - PHYSICAL DESCRIPTION | |
| Extent | 267 p. ; |
| 500 ## - GENERAL NOTE | |
| General note | Hardcover. |
| 942 ## - ADDED ENTRY ELEMENTS (KOHA) | |
| Source of classification or shelving scheme | |
| Koha item type | Book |
| Withdrawn status | Lost status | Source of classification or shelving scheme | Damaged status | Not for loan | Collection code | Permanent Location | Current Location | Shelving location | Date acquired | Source of acquisition | Total Checkouts | Full call number | Barcode | Date last seen | Copy number | Price effective from | Koha item type | Date last checked out |
|---|---|---|---|---|---|---|---|---|---|---|---|---|---|---|---|---|---|---|
| Central Library (CL) | Central Library (CL) | Book Cart | 12/02/2018 | Donation | 355.33041 NEW | CL-D-103 | 12/02/2018 | 1 | 12/02/2018 | Book | ||||||||
| Central Library (CL) | Central Library (CL) | Book Cart | 12/02/2018 | Donation | 3 | 355.33041 NEW | CL-D-104 | 03/01/2021 | 2 | 12/02/2018 | Book | 11/16/2020 |
